000 01640nam a2200481 i 4500
001 51216
003 KOSZ 005
005 20220929090111.0
008 060119s2006 pl a f |000 0 pol
015 _aUWD 2006/5133
020 _a8320816165
035 _a991029433149705066
035 _a(PL-WaBN)b17950855-48omnis_nlop
035 _ab17950855
035 _a(OCoLC)69270235
035 _azz2006761386
035 _a(PL)b0000001795085
035 _a(EXLNZ-48OMNIS_NETWORK)9910401716105606
040 _aWA N
_cWA N
_dKOSZ 005/HR
046 _k2006
080 _a657
080 _a658.14/.17
080 _a(07)
245 0 0 _aRachunkowość w biznesie :
_bpraca zbiorowa /
_cpod red. Kseni Czubakowskiej.
260 _aWarszawa :
_bPolskie Wydawnictwo Ekonomiczne,
_c2006.
300 _a308 s. :
_bil. ;
_c24 cm.
336 _aTekst
_btxt
_2rdacontent
337 _aBez urządzenia pośredniczącego
_bn
_2rdamedia
338 _aWolumin
_bnc
_2rdacarrier
380 _aKsiążki
388 _a2001-
504 _aBibliogr. s. 307-308.
521 8 _aDla kadry kierowniczej przedsiębiorstw, samodzielnych księgowych, słuchaczy studiów podyplomowych.
650 7 _aFinanse przedsiębiorstwa
_2DBN
650 7 _aRachunkowość
_2DBN
655 7 _aPodręcznik
_2DBN
658 _aGospodarka, ekonomia, finanse
700 1 _aCzubakowska, Ksenia
_d(1946- )
_eRedakcja
710 2 _aPolskie Wydawnictwo Ekonomiczne
_4pbl
856 _uhttp://koha.tu.koszalin.pl/cgi-bin/koha/opac-detail.pl?biblionumber=51216
_yKatalog online BPK
942 _2UKD
_cKS
999 _c51216
_d51216